Movies Quiz

Random Movies Quiz
Score 0/10 Timer 10:00
0 Plays Today
Hint Answer % Correct
Who eats the onion bagel?Andy
95.9%
What book did Miranda's twins want?Harry Potter
82.7%
What does Emily eat when she is about to faint?A cube of cheese
82.2%
What two accessories did Andy think looked exactly the same?Belts
69.1%
What kind of soup does Andy get in the cafeteria?Corn chowder
61.7%
What is Emily picking up when she gets hit by a taxi?Scarves
58.3%
What designer boots does Andie get from Nigel?Chanel
56%
Where was Nate going to move to?Boston
54%
What size does Andy wear in the beginning of the movie?6
26.4%
What color is Andy's lumpy sweater?Azure blue
2.9%
Remove Ads.
Support Sporcle.
Get the best of Sporcle when you Go Orange. This ad-free experience offers more features, more stats, and more fun while also helping to support Sporcle. Thank you for becoming a member.

You're not logged in!

Compare scores with friends on all Sporcle quizzes.
OR
Log In

Show Comments

Extras

Created Dec 29, 2014ReportNominate
Tags:detail, Devil, prada, The Devil, Wear

Top Quizzes Today


Score Distribution

Your Account Isn't Verified!

In order to create a playlist on Sporcle, you need to verify the email address you used during registration. Go to your Sporcle Settings to finish the process.

Report this User

Report this user for behavior that violates our Community Guidelines.

Details: